¿Estamos cerca de las metas del milenio ?
Zapisane w:
| Format: | Texto |
|---|---|
| Hasła przedmiotowe: | |
| Etykiety: |
Dodaj etykietę
Nie ma etykietki, Dołącz pierwszą etykiete!
|
MARC
| LEADER | 00000 a a2200000 04500 | ||
|---|---|---|---|
| 001 | 6724 | ||
| 003 | |||
| 040 | |||
| 245 | |a ¿Estamos cerca de las metas del milenio ? | ||
| 650 | |a POBREZA | ||
| 650 | |a DESARROLLO SOCIAL | ||
| 650 | |a DESARROLLO HUMANO | ||
| 650 | |a EL SALVADOR | ||
| 773 | |g volumen 26, número 1162; páginas 4-5 | ||
| 999 | |c 30258 |d 30258 | ||
